00365nam a22001217a 4500020001800000040000900018082002100027100002100048245008100069250001600150260004600166650003100212 a9780199408979 cNUST a321.8095491bHUS aHussain, Ishrat  aGoverning the Ungovernable:bInstitutional Reforms for Democratic Governance a5th Edition aKarachi:bOxford University Press,c2018. aGoverning the Ungovernable